Statistics for Capital Chain (South America)

Click here to take the quiz!

General Stats

  • This quiz has been taken 9 times
  • The average score is 10 of 12

Answer Stats

CountryCapital% Correct
ColombiaBogota
100%
BrazilBrasilia
100%
ArgentinaBuenos Aires
100%
ChileSantiago
100%
VenezuelaCaracas
89%
BoliviaLa Paz / Sucre
89%
PeruLima
89%
UruguayMontevideo
89%
EcuadorQuito
89%
SurinameParamaribo
67%
ParaguayAsuncion
56%
GuyanaGeorgetown
56%

Score Distribution

Percentile by Number Answered

Percent of People with Each Score

Your Score History

You have not taken this quiz